000 00381nam a22001337a 4500
020 _qPB.
040 _cFIZZA ISHAQ
082 _a355.425
_bGAL
100 _a Galula , David.
_9133858
245 _aCounterinsurgency Warfare: Theory and Practice /
_c David Galula.
260 _aNew York:
_bPentagon Press,
_c2010
300 _a106 P. ;
_c6.14 x 0.29 x 9.25 inches
942 _2ddc
_cBK
999 _c616840
_d616840